000 00850nam a2200253Ia 4500
003 OSt
005 20220926012441.0
006 a|||||r|||| 00| 0
007 ta
008 220923b |||||||| |||| 00| 0 eng d
020 _a9780231166386
_c3804.60
037 _b111612, 15/01/2018, International Book Distrobutors
_cGeneral Book
040 _aRTL
_cRTL
_beng
041 _2eng
_aeng
082 _aV41.N49, Q7
100 _aCHEN Xiaomei
_9149637
245 0 _aStaging Chinese revolution
_b Theater, film and the afterlives of propaganda
260 _aNew York
_bColumbia University Press
_c2017
300 _axii,363p
_ccm.
500 _aBibliography: p 209-28
650 _aSociology
942 _hV41.N49, Q7
_cGB
_2CC
999 _c623047
_d623047